000 00804nam a2200277 a 4500
999 _c2002
_d2002
003 OSt
005 20190627114619.0
008 131105s1997 sz ||||| |||| 00| 0 eng d
020 _a92-4-154494-5
040 _cBiblioteca Medicina
041 _aeng
082 _aOMS QX 600
100 1 _aRozendaal, Jan
_92799
110 _aOrganizacion Mundial de la Salud
_91006
245 0 0 _aVector control. Methods for use by individuals and communities
250 _a1° ed.
260 _aGinebra
_bOrganizacion Mundial de la Salud
_c1997
300 _a412 p.
500 _aBaja Depósito Caja 33 Junio 2019
546 _aTexto en ingles
653 _aCONTROL DE INSECTOS-METODOS
653 _aVECTORES DE ENFERMEDADES
653 _aCONTROL DE PLAGAS-METODOS
653 _aMANUALES
942 _2ddc
_cPH